000 01647cam a22004574i 4500
003 PE-LiUPU
005 20250731173521.0
008 150616s1991 tnua r 000 0 eng d
020 _a0805460454
035 _a(Sirsi) i9780805460452
040 _aPE-LiUPU
_bspa
_cPE-LiUPU
_erda
049 _aPRUA
082 0 4 _a254.5
_bH38
_221
100 1 _aHemphill, Kennth S.,
_eautor.
245 1 4 _aThe Bonsai Theory of Church Growth /
_cKennth S. Hemphill.
264 1 _aTennessee :
_bBroadman Press,
_c1991.
300 _a128 páginas :
_bilustraciones ;
_c19 centímetros
336 _atext
_2rdacontent
337 _aunmediated
_2rdamedia
338 _avolume
_2rdacarrier
505 0 _aKeep the Pot Small -- Prune the Roots -- Pinch Off New Growth -- Soil Is Basic -- Creating Age and Direction -- The Dilema of the Bonsai -- Church Growth Is Natural and Supernatural -- Growing a Natural Tree.
526 _aSEG42
526 _aSEG41
526 _aSEG40
526 _aSEG39
526 _aP94
526 _aP87
526 _aP86
526 _aP85
526 _aP77
526 _aP76
526 _aP35
650 0 4 _aCrecimiento de Iglesia.
910 _ajck
_bjvq
_cjck
942 _2ddc
_cBOOK
949 _a254.5 H38
_wDEWEY
_c1
_i41869
_lCCODEBUL1
_mBUL
_r0
_sY
_tBOOK
_u2015-6-16
_xTEOLOGIA
_zUNKNOWN
_0COMPRA
_o.STAFF. Colección General
994 _aC0
_bPEPRU
596 _a1
999 _a254.5 H38
_wDEWEY
_c59631
_i41869
_f2021-11-10
_g5
_lCCODEBUL1
_mBUL
_p10.00
_r0
_sY
_tBOOK
_u2015-6-16
_xTEOLOGIA
_PP35
_0COMPRA
_o.STAFF. Colección Teología
_d59631
980 _81
_gALBERTO SANCHEZ Responsable de Automatización